<?xml version="1.0" encoding="UTF-8"?>
<record
    xmlns:xsi="http://www.w3.org/2001/XMLSchema-instance"
    xsi:schemaLocation="http://www.loc.gov/MARC21/slim http://www.loc.gov/standards/marcxml/schema/MARC21slim.xsd"
    xmlns="http://www.loc.gov/MARC21/slim">

  <leader>01049nam a22002417a 4500</leader>
  <controlfield tag="005">20241206094330.0</controlfield>
  <controlfield tag="008">241206b           ||||| |||| 00| 0 eng d</controlfield>
  <datafield tag="020" ind1=" " ind2=" ">
    <subfield code="a">9789391155889</subfield>
  </datafield>
  <datafield tag="040" ind1=" " ind2=" ">
    <subfield code="c">AL</subfield>
  </datafield>
  <datafield tag="041" ind1=" " ind2=" ">
    <subfield code="a">kan</subfield>
  </datafield>
  <datafield tag="082" ind1=" " ind2=" ">
    <subfield code="2">23</subfield>
    <subfield code="a">341.3K</subfield>
    <subfield code="b">PRAA</subfield>
  </datafield>
  <datafield tag="100" ind1=" " ind2=" ">
    <subfield code="a">Shruthi Prabhakar: &#xCB6;&#xCC3;&#xCA4;&#xCBF; &#xCAA;&#xCCD;&#xCB0;&#xCAD;&#xCBE;&#xC95;&#xCB0;&#xCCD; </subfield>
    <subfield code="9">188107</subfield>
  </datafield>
  <datafield tag="100" ind1=" " ind2=" ">
    <subfield code="d">Gangesh Verma: &#xC97;&#xC82;&#xC97;&#xCC7;&#xCB6;&#xCCD; &#xCB5;&#xCB0;&#xCCD;&#xCAE; </subfield>
    <subfield code="9">188102</subfield>
  </datafield>
  <datafield tag="245" ind1=" " ind2=" ">
    <subfield code="a">Antarrashtriya Sambandagalu Mattu Samstegalu:</subfield>
    <subfield code="b">&#xC85;&#xC82;&#xCA4;&#xCB0;&#xCCD; &#xCB0;&#xCBE;&#xCB7;&#xCCD;&#xC9F;&#xCC0;&#xCAF; &#xCB8;&#xC82;&#xCAC;&#xC82;&#xCA7;&#xC97;&#xCB3;&#xCC1; &#xCAE;&#xCA4;&#xCCD;&#xCA4;&#xCC1; &#xCB8;&#xC82;&#xCB8;&#xCCD;&#xCA5;&#xCC6;&#xC97;&#xCB3;&#xCC1; </subfield>
  </datafield>
  <datafield tag="260" ind1=" " ind2=" ">
    <subfield code="a">Bengaluru</subfield>
    <subfield code="b">MPP House</subfield>
    <subfield code="c">2024</subfield>
  </datafield>
  <datafield tag="300" ind1=" " ind2=" ">
    <subfield code="a">245p.</subfield>
    <subfield code="b">PB</subfield>
    <subfield code="c">23x15cm.</subfield>
  </datafield>
  <datafield tag="365" ind1=" " ind2=" ">
    <subfield code="2">Law</subfield>
    <subfield code="a">1060</subfield>
    <subfield code="b">310.25</subfield>
    <subfield code="c">&#x20B9;</subfield>
    <subfield code="d">425.00</subfield>
    <subfield code="e">27%</subfield>
    <subfield code="f">28-11-2024</subfield>
  </datafield>
  <datafield tag="650" ind1=" " ind2=" ">
    <subfield code="a">Foreign Policy: &#xCB5;&#xCBF;&#xCA6;&#xCC7;&#xCB6;&#xCBE;&#xC82;&#xC97; &#xCA8;&#xCC0;&#xCA4;&#xCBF; </subfield>
    <subfield code="9">188103</subfield>
  </datafield>
  <datafield tag="650" ind1=" " ind2=" ">
    <subfield code="a">Diplomacy: &#xCB0;&#xCBE;&#xC9C;&#xCA4;&#xCBE;&#xC82;&#xCA4;&#xCCD;&#xCB0;&#xCBF;&#xC95;&#xCA4;&#xCC6; </subfield>
    <subfield code="9">188104</subfield>
  </datafield>
  <datafield tag="700" ind1=" " ind2=" ">
    <subfield code="a">PRABHAKAR (Shruthi):</subfield>
    <subfield code="b">&#xCB6;&#xCC3;&#xCA4;&#xCBF; &#xCAA;&#xCCD;&#xCB0;&#xCAD;&#xCBE;&#xC95;&#xCB0;&#xCCD; </subfield>
    <subfield code="9">188105</subfield>
  </datafield>
  <datafield tag="700" ind1=" " ind2=" ">
    <subfield code="a">VARMA (Gangesh): &#xCB5;&#xCB0;&#xCCD;&#xCAE; (&#xC97;&#xC82;&#xC97;&#xCC7;&#xCB6;&#xCCD;) </subfield>
    <subfield code="9">188106</subfield>
  </datafield>
  <datafield tag="942" ind1=" " ind2=" ">
    <subfield code="2">ddc</subfield>
    <subfield code="c">BK</subfield>
  </datafield>
  <datafield tag="999" ind1=" " ind2=" ">
    <subfield code="c">232157</subfield>
    <subfield code="d">232157</subfield>
  </datafield>
  <datafield tag="952" ind1=" " ind2=" ">
    <subfield code="0">0</subfield>
    <subfield code="1">0</subfield>
    <subfield code="2">ddc</subfield>
    <subfield code="4">0</subfield>
    <subfield code="7">0</subfield>
    <subfield code="8">Law</subfield>
    <subfield code="a">LL</subfield>
    <subfield code="b">LL</subfield>
    <subfield code="d">2024-12-06</subfield>
    <subfield code="e">MPP House Law Books Publishers Bengaluru-560009</subfield>
    <subfield code="g">310.25</subfield>
    <subfield code="l">0</subfield>
    <subfield code="o">341.3K PRAA</subfield>
    <subfield code="p">LL000560</subfield>
    <subfield code="r">2024-12-06 00:00:00</subfield>
    <subfield code="v">425.00</subfield>
    <subfield code="w">2024-12-06</subfield>
    <subfield code="y">BK</subfield>
  </datafield>
  <datafield tag="952" ind1=" " ind2=" ">
    <subfield code="0">0</subfield>
    <subfield code="1">0</subfield>
    <subfield code="2">ddc</subfield>
    <subfield code="4">0</subfield>
    <subfield code="7">0</subfield>
    <subfield code="8">Law</subfield>
    <subfield code="a">LL</subfield>
    <subfield code="b">LL</subfield>
    <subfield code="d">2024-12-06</subfield>
    <subfield code="e">MPP House Law Books Publishers Bengaluru-560009</subfield>
    <subfield code="g">310.25</subfield>
    <subfield code="l">0</subfield>
    <subfield code="o">341.3K PRAA</subfield>
    <subfield code="p">LL000561</subfield>
    <subfield code="r">2024-12-06 00:00:00</subfield>
    <subfield code="v">425.00</subfield>
    <subfield code="w">2024-12-06</subfield>
    <subfield code="y">BK</subfield>
  </datafield>
  <datafield tag="952" ind1=" " ind2=" ">
    <subfield code="0">0</subfield>
    <subfield code="1">0</subfield>
    <subfield code="2">ddc</subfield>
    <subfield code="4">0</subfield>
    <subfield code="7">0</subfield>
    <subfield code="8">Law</subfield>
    <subfield code="a">LL</subfield>
    <subfield code="b">LL</subfield>
    <subfield code="d">2024-12-06</subfield>
    <subfield code="e">MPP House Law Books Publishers Bengaluru-560009</subfield>
    <subfield code="g">310.25</subfield>
    <subfield code="l">0</subfield>
    <subfield code="o">341.3K PRAA</subfield>
    <subfield code="p">LL000562</subfield>
    <subfield code="r">2024-12-06 00:00:00</subfield>
    <subfield code="v">425.00</subfield>
    <subfield code="w">2024-12-06</subfield>
    <subfield code="y">BK</subfield>
  </datafield>
  <datafield tag="952" ind1=" " ind2=" ">
    <subfield code="0">0</subfield>
    <subfield code="1">0</subfield>
    <subfield code="2">ddc</subfield>
    <subfield code="4">0</subfield>
    <subfield code="7">0</subfield>
    <subfield code="8">Law</subfield>
    <subfield code="a">LL</subfield>
    <subfield code="b">LL</subfield>
    <subfield code="d">2024-12-06</subfield>
    <subfield code="e">MPP House Law Books Publishers Bengaluru-560009</subfield>
    <subfield code="g">310.25</subfield>
    <subfield code="l">0</subfield>
    <subfield code="o">341.3K PRAA</subfield>
    <subfield code="p">LL000563</subfield>
    <subfield code="r">2024-12-06 00:00:00</subfield>
    <subfield code="v">425.00</subfield>
    <subfield code="w">2024-12-06</subfield>
    <subfield code="y">BK</subfield>
  </datafield>
  <datafield tag="952" ind1=" " ind2=" ">
    <subfield code="0">0</subfield>
    <subfield code="1">0</subfield>
    <subfield code="2">ddc</subfield>
    <subfield code="4">0</subfield>
    <subfield code="7">0</subfield>
    <subfield code="8">Law</subfield>
    <subfield code="a">LL</subfield>
    <subfield code="b">LL</subfield>
    <subfield code="d">2024-12-06</subfield>
    <subfield code="e">MPP House Law Books Publishers Bengaluru-560009</subfield>
    <subfield code="g">310.25</subfield>
    <subfield code="l">0</subfield>
    <subfield code="o">341.3K PRAA</subfield>
    <subfield code="p">LL000564</subfield>
    <subfield code="r">2024-12-06 00:00:00</subfield>
    <subfield code="v">425.00</subfield>
    <subfield code="w">2024-12-06</subfield>
    <subfield code="y">BK</subfield>
  </datafield>
</record>
